The pathology of tropical food legumes : disease resistance in crop improvement /
Guardado en:
| Autor Principal: | |
|---|---|
| Formato: | Libro |
| Idioma: | English |
| Publicado: |
Chichester [Sussex] ; New York :
Wiley,
c1983.
|
| Etiquetas: |
Agregar Etiqueta
Sin Etiquetas, Sea el primero en etiquetar este registro!
|
| LEADER | 00632nam a22001695a 4500 | ||
|---|---|---|---|
| 001 | EEA.libagro003939 | ||
| 005 | 20190506122951.0 | ||
| 008 | 130809s1983####nyua#####b####000#0#eng#d | ||
| 020 | |a 0471102326 | ||
| 082 | 0 | 4 | |a 633.388 |
| 100 | 1 | |a Allen, D. J. | |
| 245 | 1 | 4 | |a The pathology of tropical food legumes : |b disease resistance in crop improvement / |c D.J. Allen. |
| 260 | |a Chichester [Sussex] ; |a New York : |b Wiley, |c c1983. | ||
| 300 | |a xv, 413 p., [2] p. de lám : |b il. (algunas col.) ; |c 24 cm. | ||
| 500 | |a "A Wiley-Interscience publication.". | ||
| 504 | |a Bibliografía: p. 301-395. | ||
| 859 | |a AR-BbBCA |b BIB. AGRONOMIA |h 633.3 |i A425 |p 1988/1177 | ||
